O livro da Europa: geografia, 7º ano
Guardado en:
| Autor principal: | |
|---|---|
| Otros Autores: | |
| Formato: | Desconocido |
| Lenguaje: | portugués |
| Publicado: |
Lisboa
Plátano
1998
|
| Edición: | 1ª ed |
| Catálogo: | MANES: Resultados de Búsqueda del Catálogo |
| Clasificación de libros de texto: |
|
| Etiquetas: |
Agregar Etiqueta
Sin Etiquetas, Sea el primero en etiquetar este registro!
|
| Añadido a: | 2016-04-26 |
| Cambiado en: | 2025-04-25 |
MARC
| LEADER | 000000000a22000000004500 | ||
|---|---|---|---|
| 001 | 32794 | ||
| 003 | OSt | ||
| 005 | 20250425111633.0 | ||
| 008 | 160427s1998 po 00| 0 por d | ||
| 041 | |a por | ||
| 043 | |a Portugal | ||
| 561 | |5 pt-BNP |a Portugal. Biblioteca Nacional de Portugal |k MANES | ||
| 691 | |a SE | ||
| 100 | 1 | |a Martins, Matilde |9 17146 | |
| 700 | 1 | |a Proença, Maria Manuela |9 17147 | |
| 245 | 0 | 0 | |a O livro da Europa: geografia, 7º ano |
| 250 | |a 1ª ed | ||
| 260 | 3 | |a Lisboa |b Plátano |c 1998 | |
| 300 | |a 223, [1] p.; |c 28 cm | ||
| 690 | |a GEO | ||
| 942 | |2 ddc |c BK | ||
| 546 | |a Portugal | ||
| 999 | |c 36632 |d 36632 | ||
| 999 | |c manes:36632 |d 36632 | ||